En el borde del mundo : memorias del juez que procesó a Pinochet /

Na minha lista:
Detalhes bibliográficos
Autor principal: Guzmán Tapia, Juan (autor)
Formato: Livro
Idioma:espanhol
Publicado em: Barcelona, España : Anagrama, 2005, c2005
Colecção:(Crónicas Anagrama ; 70)
Assuntos:
Tags: Adicionar Tag
Sem tags, seja o primeiro a adicionar uma tag!

MARC

LEADER 00000nam^a2200000^a^4500
001 000184499
005 20250521000000.0
009 20260310102119.373
020 |a 84-339-2570-9 
037 |a Acervo ITESO - Biblioteca 
041 |a ESP 
082 |a 340. 092  |b GUZ 
100 |a Guzmán Tapia, Juan  |e (autor) 
245 1 0 |a En el borde del mundo :  |b memorias del juez que procesó a Pinochet /  |c J. Guzmán Tapia ; colaboración de Olivier Bras ; tr. por Oscar Luis Molina S. 
264 4 |a Barcelona, España :  |b Anagrama,  |c 2005, c2005 
300 |a 230 p. 
336 |a texto  |b txt  |2 rdacontenido 
337 |a sin mediación  |b n  |2 rdamedio 
338 |a volumen  |b nc  |2 rdasoporte 
440 1 |a (Crónicas Anagrama ;  |v 70) 
500 |a Traducción de: Au bord du monde. Les Mémoires du juge de Pinochet 
585 |a Exposición DIA 2023-09 / A 50 años del golpe de Estado: Chile e ITESO, convergencias con la dignidad y la memoria  
649 |a XX 
650 |a Jueces Chilenos -  |x Memorias 
650 |a Jueces Chilenos -  |x Biografías 
650 |a Abogados Chilenos -  |x Memorias 
650 |a Abogados Chilenos -  |x Biografías 
650 |a Funcionarios Públicos Chilenos -  |x Memorias 
650 |a Funcionarios Públicos Chilenos -  |x Biografías 
650 |a Diplomacia -  |z Chile -  |x Historia 
650 |a Dictadura -  |z Chile -  |x Historia -  |y 1973-1990 
650 |a Juicio Político -  |z Chile 
650 |a Tribunales Internacionales 
650 |a Derecho Penal -  |z Chile 
650 |a Derecho Internacional 
650 |a Política -  |z Chile -  |x Historia -  |y Siglo XX 
650 |a Pinochet, Augusto 
650 |a Guzmán Tapia, Juan 
910 |a Fondo General 
920 |a Impresos - Libros 
930 |a Colección General 
905 |a 101 
901 |a 0500125455  |b IT1  |c ACC  |u 20250521 
902 |a https://opac.biblio.iteso.mx/vufind/Record/000184499